000 02200cam a2200337 i 4500
003 SA-RiAUC
005 20251117135110.0
008 251006s2007 ts g f000 0 ara c
024 0 _a00000000963726
024 0 _a00000001019932
040 _aSA-JeALM
_bara
_cSA-RiAUC
_dAE-DuMBRL
_erda
050 4 _bR45 2007
082 0 4 _a225
_qSA-RiAUC
090 _a225
_bز ن ج
100 1 _aزنجير، محمد رفعت
_eمؤلف.
245 1 0 _aمباحث في البلاغة وإعجاز القرآن الكريم /
_cالدكتور محمد رفعت أحمد زنجير.
250 _aالطبعة الأولى.
264 1 _aدبي، الإمارات العربية المتحدة :
_bجائزة دبي الدولية للقرآن الكريم،
_c2007.
300 _a500 صفحة ؛
_c24 سم.
336 _aنص
_btxt
_2rdacontent
_3كتاب
337 _aبدون وسيط
_bn
_2rdamedia
338 _aمجلد
_bnc
_2rdacarrier
490 1 _aسلسلة الدراسات القرآنية ؛
_v2
520 _aيتناول كتاب (مباحث في البلاغة وإعجاز القرآن الكريم) والذي قام بتأليفه د. محمد رفعت أحمد زنجير، موضوع (البلاغة والإعجاز) الكتاب بحث يقدم صورة موجزة عن الأعجاز في القرآن الكريم مراعا فيه المنهج التاريخي. وذلك ليكون ركيزة لمن أراد أن يضيف جديدا في باب البلاغة والإعجاز. ولما كان تاريخ البلاغة مرتبطا بالإعجاز في كيفية علوم العربية من نحو ونقد وأدب، فقد رأى المؤلف دمج التاريخين في بحث واحد، أسوة بما فعله بعض الفضلاء في هذا الباب لدراسة البلاغة عبر مراحلها التاريخية.
630 2 7 _aالقرآن
_xبلاغة
_2aucut
630 2 7 _aالقرآن
_xإعجاز لغوي
_2aucut
730 2 2 _aالقرآن
830 0 _aسلسلة الدراسات القرآنية (جائزة دبي الدولية للقرآن الكريم)
_v2
942 _2ddc
_cBOOK
_n0
949 _aSA-JeALM
_d251006
_uosman123
_n1
999 _c13322
_d13322